The Business Case for AI: A Leader's Guide to AI Strategies, Best Practices & Real-World Applications (Record no. 46476)

MARC details
000 -LEADER
fixed length control field 00554nam a22001697a 4500
005 - DATE AND TIME OF LATEST TRANSACTION
control field 20250824203011.0
008 - FIXED-LENGTH DATA ELEMENTS--GENERAL INFORMATION
fixed length control field 250824b |||||||| |||| 00| 0 eng d
020 ## - INTERNATIONAL STANDARD BOOK NUMBER
International Standard Book Number 9781544528724
041 ## - LANGUAGE CODE
Language code of text/sound track or separate title eng
082 ## - DEWEY DECIMAL CLASSIFICATION NUMBER
Classification number 006.3 GAN
100 ## - MAIN ENTRY--PERSONAL NAME
Author Ganesan, Kavita
245 ## - TITLE STATEMENT
Title The Business Case for AI: A Leader's Guide to AI Strategies, Best Practices & Real-World Applications
260 ## - PUBLICATION, DISTRIBUTION, ETC.
Place New Delhi
Publisher Opinosis Analytics Publishing
Publication Year 2022
300 ## - PHYSICAL DESCRIPTION
Extent 298;. p. 22 cm
650 ## - SUBJECT ADDED ENTRY--TOPICAL TERM
Subject Artificial Intelligence, Artificial Intelligence Strategies
942 ## - ADDED ENTRY ELEMENTS (KOHA)
Koha item type Books
Holdings
Withdrawn status Lost status Source of classification or shelving scheme Damaged status Not for loan Home library Current library Shelving location Accession Date Vendor Price Bill number Total Checkouts Full call number Barcode No Date due Date last seen Date last checked out Bill Date Koha item type Suggested By
    Dewey Decimal Classification     IMTN IMTN Rack 3-B 08/23/2025 Amazon.in 999.00 IN-118 1 006.3 GAN 33941 02/25/2026 08/29/2025 08/29/2025 08/01/2025 Books Faculty Purchase by Dr. Abhishek N Singh
Designed & Maintained by: LRC IMT Nagpur Contact: lrc@imtnag.ac.in© 2024. All Rights Reserved.